Quiz o Garten of BanBan 1 - Statystyki

Ogólne statystyki
  • Ten quiz został rozwiązany 95 razy
  • Średni wynik to 5 z 6
Statystyki odpowiedzi
Zagadnienie Odpowiedź % Poprawnych
Jakiego koloru jest karta do sekretnego pokoju w GoB1 Fioletowego
87%
Ile postaci spotkaliśmy REALNYCH w GoB 1 Opila bird i Jumbo Josh
87%
A jakie BanBan, Opila bird, Jumbo Josh, Stinger Flynn, Captain Fiddles, BanBaleena
85%
Ile jest Doppleganger w That's not my neighbor to quiz o GoB 1!
85%
Ile kart było w GoB1 4
67%
Ile postaci było zapowiedzianych w GoB 1 6
67%
Nie znaleziono quizów pasujących do podanych kryteriów
Rozkład punktacji
Procent ludzi z każdym wynikiem
Percentyl według liczby udzielonych odpowiedzi
Twoja historia wyników
Nie rozwiązałeś tego quizu